Cómo escribir trabajos de investigación

Kaydedildi:
Detaylı Bibliyografya
Yazar: Walker, Melissa (Yazar)
Materyal Türü: Kitap
Dil:İspanyolca
Baskı/Yayın Bilgisi: Barcelona Gedisa 2000
Edisyon:1a. ed
Seri Bilgileri:Biblioteca de Educación, 3
Konular:
Etiketler: Etiketle
Etiket eklenmemiş, İlk siz ekleyin!

MARC

LEADER 00000cam a2200000 a 4500
001 UCM7466
003 CL-VaPUC
005 20231214130420.0
008 021220e20000000SP |||||||||||||||||spa|d
999 |c 302257  |d 302255 
020 |a 8474327245 
040 |c Pontificia Universidad Católica de Valparaíso 
082 0 4 |a 808.02  |b WAL  |2 21 
100 0 |a Walker, Melissa  |e author  |9 473060 
245 1 0 |a Cómo escribir trabajos de investigación 
250 |a 1a. ed 
260 |a Barcelona  |b Gedisa  |c 2000 
300 |a 473 p 
490 0 |a Biblioteca de Educación, 3 
583 |a last modification  |c 20130704 02:32:39  |k Rodrigo Vera 
650 0 |a Investigación  |9 257811 
650 0 |a Gestión de la información   |9 362327 
650 0 |a Redacción  |9 477113  |x Informes 
650 0 |a Búsqueda bibliográfica en línea  |9 886514 
942 |c BK  |2 ddc 
945 |d 20021220 00:00:00  |a cmena 
952 |0 0  |1 0  |4 0  |6 808_020000000000000_WAL_2000  |7 0  |8 A  |9 362404  |a FDOPOS  |b FDOPOS  |d 2019-11-21  |i 3869733  |o 808.02 WAL 2000  |p 3869733  |r 2025-01-22  |w 2019-11-21  |y BK  |k MLA 
952 |0 0  |1 0  |4 0  |6 808_020000000000000_WAL_2000  |7 0  |8 A  |9 362405  |a BIBTEO  |b BIBTEO  |d 2019-11-21  |i 4135512  |o 808.02 WAL 2000  |p 4135512  |r 2025-01-17  |w 2019-11-21  |y BK  |k ICR 
952 |0 0  |1 0  |4 0  |6 808_020000000000000_WAL_2000  |7 0  |8 A  |9 362406  |a BIBEDU  |b BIBEDU  |d 2019-11-21  |i 4500911  |l 1  |o 808.02 WAL 2000  |p 4500911  |r 2022-09-09  |s 2022-08-11  |w 2019-11-21  |y BK  |k PSI 
952 |0 0  |1 0  |4 0  |6 808_020000000000000_WAL_2000  |7 0  |8 P  |9 362407  |a BIBARQ  |b BIBARQ  |d 2019-11-21  |i 4529634  |o 808.02 WAL 2000  |p 4529634  |r 2025-01-20  |w 2019-11-21  |y BK  |k ARQ 
952 |0 0  |1 0  |4 0  |6 808_020000000000000_WAL_2000  |7 0  |8 P  |9 362408  |a BIBARQ  |b BIBARQ  |d 2019-11-21  |i 4556321  |o 808.02 WAL 2000  |p 4556321  |r 2025-01-20  |w 2019-11-21  |y BK  |k ARQ 
952 |0 0  |1 0  |4 0  |6 808_020000000000000_WAL_2000  |7 0  |8 A  |9 362409  |a BIBGIM  |b BIBGIM  |d 2019-11-21  |i 4556348  |l 1  |o 808.02 WAL 2000  |p 4556348  |r 2025-01-15  |s 2022-04-08  |w 2019-11-21  |y BK  |k GIM 
952 |0 0  |1 0  |4 0  |6 808_020000000000000_WAL_2000  |7 0  |8 ED_SUP  |9 362410  |a BIBGIM  |b BIBGIM  |c S_PSTGRDO  |d 2019-11-21  |i 477745K  |o 808.02 WAL 2000  |p 477745K  |r 2025-01-15  |w 2019-11-21  |y BK  |k ESU 
952 |0 0  |1 0  |4 0  |6 808_020000000000000_WAL_2000  |7 0  |8 A  |9 362411  |a BIBGIM  |b BIBGIM  |d 2019-11-21  |i 4988191  |l 1  |o 808.02 WAL 2000  |p 4988191  |r 2025-01-15  |s 2022-07-06  |w 2019-11-21  |y BK  |k SSL 
952 |0 0  |1 0  |3 erb  |4 0  |6 808_020000000000000_WAL_2000  |7 0  |8 A  |9 362412  |a BIBING  |b BIBING  |i 5045207  |o 808.02 WAL 2000  |p 5045207  |r 2025-01-20  |w 2019-11-21  |y BK  |z Catalogado en:20140109  |k GEO 
952 |0 0  |1 0  |3 erb  |4 0  |6 808_020000000000000_WAL_2000  |7 0  |8 A  |9 362413  |a BIBTEO  |b BIBTEO  |i 5112435  |o 808.02 WAL 2000  |p 5112435  |r 2025-01-17  |w 2019-11-21  |y BK  |z Catalogado en:20140905  |k ICR 
952 |0 0  |1 0  |3 erb  |4 0  |6 808_020000000000000_WAL_2000  |7 0  |8 A  |9 362414  |a BIBING  |b BIBING  |i 5129249  |l 1  |o 808.02 WAL 2000  |p 5129249  |r 2025-01-20  |s 2023-03-21  |w 2019-11-21  |y BK  |z Catalogado en:20141211  |k GEO